000 00873nam a2200289Ia 4500
003 OSt
005 20220928125848.0
006 a|||||r|||| 00| 0
007 ta
008 220927b |||||||| |||| 00| 0 eng d
020 _c350
024 _a106219
037 _b464, 05/11/2009, Pioneer Book Distributors
_cTextual
040 _aSDCL
_cSDCL
_beng
041 _2eng
_aeng
082 _aX:8N, N7
100 _aMurphy Herta A
_9472077
245 0 _aEffective business communication.
250 _a7
260 _aNew Delhi
_bTata McGraw Hill
_c1997
300 _axx, 619p
_ccm.
650 _aReference
700 _a Hildebrandt Herbert W
_9472078
700 _a Thomas Jane P
_9472079
942 _hX:8N, N7
_cTEXL
_2CC
999 _c784654
_d784654